| 000 | nam a22 a 4500 | ||
|---|---|---|---|
| 999 |
_c970 _d970 |
||
| 005 | 20170508101122.0 | ||
| 008 | 170508s my ||||| |||| 00| 0 may d | ||
| 040 | _aAKMAL | ||
| 082 | _a297.14 SOA | ||
| 090 |
_a297.14 _bSOA |
||
| 245 |
_aSOAL JAWAB 200 _bMASALAH AGAMA / |
||
| 260 | _bBINTANG AGUNG SURABAYA | ||
| 300 |
_a91 ms. _ccm |
||
| 942 |
_2ddc _cBOOK |
||